00306nam a2200121Ia 45000030006000000080041000060400015000471000022000622450043000842600028001275460012001550050017001670STCL150530s9999 xx 000 0 und d aSTCLcSTCL aMadras Government aBook of the Mdras exhibition 1915-1916 bMadras Governmentc1916 aEnglish20220125170418.0